1512 1399 1584 1446 1342 1321 1153 1454 1739 1060 1897 1429 1600 1285 1950 1282 1582 1457 1200 1370 1485 1305 1774 1220 1960 1422 1677 1693 1066 1670 1668 1478 1635 1415 1839 1377 1478 1962 1441 1765 1462 1258 1038 1416 1930 1121 1039 1848 1535 1509 1049 1697 1569 1779 1840 1411 1730 1442 1621 1874 1945 1148 1596 1658 1259 1503 1053 1835 1859 1632 1157 1000 1714 1656 1300 1885 1526 1228 1028 1251 1054 1596 1955 1731 1044 1512 1406 1088 1955 1454 1275 1500 1371 1923 1615 1687 1929 1778 1713 BCNSPRNW ULIB Ver.6.0+V

เปลี่ยนเป็นภาษาไทย

Change to English
 แสดงรายละเอียดบรรณานุกรม
  กลับหน้าหลัก

Brief Record : Get Marc (ISO 2709) : E-mail record : QR code < ปิดหน้าต่าง
LEADER : 00000nam 2200000uu 4500
001    13399113620
003     ULIB
008    111124s2550||||th 000 0 tha d
020    ^a9789748755428
090    ^aนว.^bพ975ก 2550
100 0  ^aไพฑูรย์ ธัญญา
245 00 ^aก่อกองทราย/^cNukan
250    ^aพิมพ์ครั้งที่ 34
260    ^aกรุงเทพฯ :^bนาคร,^c2550
300    ^a200 หน้า
710 1  ^aนาคร
945    ^p110^l0^i14445
995    ^aทศพร
999    ^aใช้งานได้ทุกระบบ
รายการนี้ยังไม่มีแท็ก
คุณยังไม่ได้ล็อกอิน คุณสามารถมีกิจกรรมร่วมกับเว็บไซต์ได้ แต่ต้องล็อกอินก่อน ::
  ล็อกอิน

รายการสื่อสารสนเทศ

ลำดับที่ ประเภท เลขเรียก/บาร์โค้ด สถานที่ สถานะ
1. นวนิยาย
นวนิยาย
นว. พ975ก 2550 ฉ.1 
  Barcode: 14445
ห้องสมุดวิทยาเขตสวรรค์ประชารักษ์
►นวนิยาย
บนชั้น
  ขอยืม

BibComment


ยังไม่เคยถูกคอมเมนท์

คอมเมนท์ทรัพยากรรายการนี้
  คอมเมนท์: ก่อกองทราย Nukan


 Copyright 2026. Bcnsprnw @Library